मर्ढेकरांचे सौदर्यशास्त्र पुनर्विचार (वा.क.क्र.1/3) (Record no. 415650)

MARC details
000 -LEADER
fixed length control field 00836nam a2200169Ia 4500
008 - FIXED-LENGTH DATA ELEMENTS--GENERAL INFORMATION
fixed length control field 100122s9999 xx 000 0 und d
082 ## - DEWEY DECIMAL CLASSIFICATION NUMBER
Item number 30873
Classification number 821.09
100 ## - MAIN ENTRY--PERSONAL NAME
Personal name मर्ढेकर बा सी
245 ## - TITLE STATEMENT
Title मर्ढेकरांचे सौदर्यशास्त्र पुनर्विचार (वा.क.क्र.1/3)
250 ## - EDITION STATEMENT
Edition statement 0
260 ## - PUBLICATION, DISTRIBUTION, ETC. (IMPRINT)
Name of publisher, distributor, etc युनिव्हर्सल पब्लिकेशन
Date of publication, distribution, etc 1976
300 ## - PHYSICAL DESCRIPTION
Extent 116
630 ## - SUBJECT ADDED ENTRY--UNIFORM TITLE
Uniform title मर्ढेकरांचे सौदर्यशास्त्र पुनर्विचार (वा.क.क्र.1/3)
700 ## - ADDED ENTRY--PERSONAL NAME
Personal name दीक्षित कमलाकर
730 ## - ADDED ENTRY--UNIFORM TITLE
Uniform title मर्ढेकरांचे सौदर्यशास्त्र पुनर्विचार (वा.क.क्र.1/3)
942 ## - ADDED ENTRY ELEMENTS (KOHA)
Koha item type Book
Holdings
Withdrawn status Lost status Damaged status Not for loan Home library Current library Shelving location Date acquired Cost, normal purchase price Total Checkouts Full call number Barcode Date last seen Cost, replacement price Price effective from Koha item type Public note
        S.V. Pathak Library, Vile Parle S.V. Pathak Library, Vile Parle   03/26/1981 12.00   30873 SVPPARLE-30873 01/25/2010 12.00 01/25/2010 Book (वा.क.क्र.1/3) Edited NA